Famine, affluence, and morality : (Record no. 14895)

MARC details
000 -LEADER
fixed length control field 01942 a2200241 4500
001 - CONTROL NUMBER
control field 11240
003 - CONTROL NUMBER IDENTIFIER
control field IN-BhIIT
005 - DATE AND TIME OF LATEST TRANSACTION
control field 20260111172004.0
008 - FIXED-LENGTH DATA ELEMENTS--GENERAL INFORMATION
fixed length control field 251226b |||||||| |||| 00| 0 eng d
020 ## - INTERNATIONAL STANDARD BOOK NUMBER
ISBN 9780190219208 (pbk.)
040 ## - CATALOGING SOURCE
Original cataloging agency IN-BhIIT
041 ## - LANGUAGE CODE
Language code of text eng
082 ## - DEWEY DECIMAL CLASSIFICATION NUMBER
Classification number 177
Book number SIN/F
100 ## - MAIN ENTRY--AUTHOR NAME
Personal name Singer, Peter
Relator term Author
245 ## - TITLE STATEMENT
Title Famine, affluence, and morality :
Sub Title communicating engagement in a networked age /
Statement of responsibility, etc Peter Singer.
260 ## - PUBLICATION, DISTRIBUTION, ETC. (IMPRINT)
Place of publication New York :
Name of publisher Oxford University Press,
Year of publication 2015.
300 ## - PHYSICAL DESCRIPTION
Number of Pages xxxii 86 p. :
Other physical details(ill.) ill. ;
Dimensions(size) 24 cm.
504 ## - BIBLIOGRAPHY, ETC. NOTE
Bibliography, etc Includes bibliographical references and index.
520 ## - SUMMARY, ETC.
Summary, etc In 1972, the young philosopher Peter Singer published "Famine, Affluence and Morality," which rapidly became one of the most widely discussed essays in applied ethics. Through this article, Singer presents his view that we have the same moral obligations to those far away as we do to those close to us. He argued that choosing not to send life-saving money to starving people on the other side of the earth is the moral equivalent of neglecting to save drowning children because we prefer not to muddy our shoes. If we can help, we must--and any excuse is hypocrisy. Singer's extreme stand on our moral obligations to others became a powerful call to arms and continues to challenge people's attitudes towards extreme poverty. Today, it remains a central touchstone for those who argue we should all help others more than we do.<br/><br/>As Bill and Melinda Gates observe in their foreword, in the age of today's global philanthropy, Singer's essay is as relevant now as it ever was. This attractively packaged, concise edition collects the original article, two of Singer's more recent popular writings on our obligations to others around the world, and a new introduction by Singer that discusses his current thinking.
650 ## - SUBJECT ADDED ENTRY--TOPICAL TERM
Topical Term Philosophy,
Topical Term Ethics (Moral philosophy)
942 ## - ADDED ENTRY ELEMENTS (KOHA)
Koha item type General Books
Holdings
Withdrawn status Lost status Damaged status Not for loan Collection code Home library Current library Date acquired Source of acquisition Cost, normal purchase price Full call number Accession Number Cost, replacement price Price effective from Koha item type
Not withdrawn Not Lost not damaged   GEN Central Library, IIT Bhubaneswar Central Library, IIT Bhubaneswar 06/03/2025 21 721.37 177 SIN/F 11240 988.18 06/03/2025 General Books

Central Library, Indian Institute of Technology Bhubaneswar, 4th Floor, Administrative Building, Argul, Khordha, PIN-752050, Odisha, India
Phone: +91-674-7138750 | Email: circulation.library@iitbbs.ac.in (For circulation related queries),
Email: info.library@iitbbs.ac.in (For other queries)